[Event "SVK-chT2D 1617"]
[Site "Slovakia"]
[Date "2016.12.03"]
[Round "5.3"]
[White "Veselovsky, Jan"]
[Black "Korytko, Peter"]
[Result "1/2-1/2"]
[WhiteElo "2068"]
[BlackElo "2055"]
[PlyCount "63"]
[EventDate "2016.10.08"]
[EventType "team-tourn"]
[EventRounds "11"]
[EventCountry "SVK"]
[SourceTitle "EXT 2018"]
[Source "ChessBase"]
[SourceDate "2017.10.13"]
[SourceVersion "1"]
[SourceVersionDate "2017.10.13"]
[SourceQuality "1"]
[WhiteTeam "Bardejov II"]
[BlackTeam "Margecany II"]
[WhiteTeamCountry "SVK"]
[BlackTeamCountry "SVK"]

1. e4 e5 2. Nf3 Nc6 3. d4 exd4 4. Nxd4 Nxd4 5. Qxd4 Qf6 6. e5 Qb6 7. Qxb6 axb6 8. Nc3 Bb4 9. Bd2 Ne7 10. Nb5 Bxd2+ 11. Kxd2 Kd8 12. Bc4 Rf8 13. Rhe1 Nc6 14. Rad1 Na7 15. Nc3 b5 16. Bd3 b4 17. Nd5 Nc6 18. Ra1 Ra5 19. Bc4 b6 20. f4 Bb7 21. c3 bxc3+ 22. Kxc3 Ne7 23. Nxe7 Kxe7 24. b4 Ra3+ 25. Kb2 Rfa8 26. Bb3 c5 27. bxc5 bxc5 28. Rac1 R3a5 29. Re3 Bxg2 30. Rg1 c4 31. Bxc4 Bd5 32. Bxd5 1/2-1/2

[Event "SVK-chT1E 1617"]
[Site "Slovakia"]
[Date "2016.10.15"]
[Round "1.5"]
[White "Koval, Jakub"]
[Black "Korytko, Peter"]
[Result "0-1"]
[WhiteElo "1977"]
[BlackElo "2055"]
[PlyCount "62"]
[EventDate "2016.10.15"]
[EventType "team-tourn"]
[EventRounds "11"]
[EventCountry "SVK"]
[SourceTitle "CBM 175 Extra"]
[Source "ChessBase"]
[SourceDate "2016.12.12"]
[SourceVersion "1"]
[SourceVersionDate "2016.12.12"]
[SourceQuality "1"]
[WhiteTeam "Presov Slavia PU"]
[BlackTeam "Margecany Eltra"]
[WhiteTeamCountry "SVK"]
[BlackTeamCountry "SVK"]

1. e4 e5 2. Nf3 Nc6 3. Bc4 Bc5 4. 0-0 d6 5. c3 Bb6 6. d3 Nf6 7. h3 Ne7 8. Re1 Ng6 9. Nbd2 0-0 10. Nf1 c6 11. Ng3 a5 12. a4 Qc7 13. Bg5 Nd7 14. h4 Nc5 15. h5 Nf4 16. Nh4 d5 17. d4 Nce6 18. Bxf4 exf4 19. exd5 cxd5 20. Ngf5 dxc4 21. d5 Ng5 22. d6 Qc5 23. Qg4 f6 24. Re7 Qxd6 25. Rxg7+ Kh8 26. Ng6+ hxg6 27. hxg6 Bxf5 28. Rh7+ Nxh7 29. g7+ Kg8 30. Qxf5 Ng5 31. Qg6 Nf7 0-1

[Event "SVK-chT2D 1617"]
[Site "Slovakia"]
[Date "2016.10.08"]
[Round "1.3"]
[White "Korytko, Peter"]
[Black "Tropp, Lukas"]
[Result "0-1"]
[WhiteElo "2055"]
[BlackElo "2118"]
[PlyCount "88"]
[EventDate "2016.10.08"]
[EventType "team-tourn"]
[EventRounds "11"]
[EventCountry "SVK"]
[SourceTitle "EXT 2018"]
[Source "ChessBase"]
[SourceDate "2017.10.13"]
[SourceVersion "1"]
[SourceVersionDate "2017.10.13"]
[SourceQuality "1"]
[WhiteTeam "Margecany II"]
[BlackTeam "Kosice Slavia TU IV"]
[WhiteTeamCountry "SVK"]
[BlackTeamCountry "SVK"]

1. e4 e5 2. Bc4 Nf6 3. d3 Be7 4. f4 Nc6 5. Nf3 d6 6. c3 0-0 7. 0-0 a6 8. Bb3 exf4 9. Bxf4 Bg4 10. h3 Bh5 11. Nbd2 Qd7 12. Qe1 Rae8 13. Nh4 Kh8 14. Ndf3 Ng8 15. g4 Bg6 16. Bg5 Ne5 17. Bxe7 Nxe7 18. Rd1 Nxf3+ 19. Rxf3 f6 20. Qf2 Bf7 21. Bc2 Ng6 22. Nf5 d5 23. Nh4 Nxh4 24. Qxh4 Bg6 25. exd5 Qxd5 26. Qf2 Re7 27. Bb3 Qe5 28. Rf1 Rfe8 29. g5 Qxg5+ 30. Rg3 Qh4 31. Bd1 Re5 32. Kh2 Rf5 33. Qg2 Rxf1 34. Qxf1 Bh5 35. Bg4 Bxg4 36. Rxg4 Qh6 37. Qg2 f5 38. Rd4 Qe6 39. Qxb7 Qe5+ 40. Kg2 Qe2+ 41. Kg3 Qe1+ 42. Kf4 Qe3+ 43. Kxf5 Re5+ 44. Kg4 h5+ 0-1

[Event "SVK-chT1E 1516"]
[Site "Slovakia"]
[Date "2016.01.23"]
[Round "7.4"]
[White "Hagara, Martin"]
[Black "Korytko, Peter"]
[Result "0-1"]
[WhiteElo "2159"]
[BlackElo "2009"]
[PlyCount "54"]
[EventDate "2015.10.24"]
[EventType "team-tourn"]
[EventRounds "11"]
[EventCountry "SVK"]
[SourceTitle "CBM 170 Extra"]
[Source "ChessBase"]
[SourceDate "2016.02.25"]
[SourceVersion "1"]
[SourceVersionDate "2016.02.25"]
[SourceQuality "1"]
[WhiteTeam "Kezmarok"]
[BlackTeam "Margecany"]
[WhiteTeamCountry "SVK"]
[BlackTeamCountry "SVK"]

1. g3 e5 2. Bg2 d5 3. d3 Bc5 4. Nc3 c6 5. Nf3 Nd7 6. 0-0 Ngf6 7. e4 dxe4 8. Nxe4 Nxe4 9. dxe4 Qc7 10. b3 Nf8 11. Bb2 f6 12. Qd3 Bg4 13. h3 Be6 14. Rad1 Ng6 15. Kh2 h5 16. h4 Be7 17. Bc1 Nf8 18. Qc3 Bg4 19. Rd3 a5 20. Kg1 Ne6 21. Re1 Bb4 22. Qa1 Bxf3 23. c3 Bxg2 24. cxb4 Bh3 25. Kh2 Qc8 26. bxa5 Nd4 27. Bb2 Nc2 0-1

[Event "SVK-chT1E 1415"]
[Site "Slovakia"]
[Date "2014.10.19"]
[Round "2.5"]
[White "Mraz, Ondrej"]
[Black "Korytko, Peter"]
[Result "1-0"]
[WhiteElo "2138"]
[BlackElo "2059"]
[PlyCount "133"]
[EventDate "2014.10.18"]
[EventType "team-tourn"]
[EventRounds "11"]
[EventCountry "SVK"]
[SourceTitle "EXT 2016"]
[Source "ChessBase"]
[SourceDate "2015.10.08"]
[SourceVersion "1"]
[SourceVersionDate "2015.10.08"]
[SourceQuality "1"]
[WhiteTeam "Liptov Chess School II"]
[BlackTeam "Margecany"]
[WhiteTeamCountry "SVK"]
[BlackTeamCountry "SVK"]

1. e4 e5 2. Nf3 Nc6 3. Bb5 a6 4. Ba4 d6 5. Bxc6+ bxc6 6. d4 exd4 7. Qxd4 Bb7 8. Nc3 Ne7 9. 0-0 Qd7 10. Re1 f6 11. Qc4 Ng6 12. Nd4 c5 13. Qb3 Bc8 14. Nf5 c6 15. f4 Qa7 16. Be3 Rb8 17. Qa4 Bd7 18. Rad1 Qc7 19. b3 a5 20. Qc4 Rd8 21. Qd3 Bc8 22. Ne2 d5 23. exd5 Rxd5 24. Qe4+ Ne7 25. Nxe7 Qxe7 26. Qf3 Bg4 27. Qxg4 Qxe3+ 28. Kf1 f5 29. Qg5 Rxd1 30. Rxd1 Be7 31. Qxg7 Rf8 32. Qxh7 c4 33. Qg6+ Rf7 34. Qxc6+ Kf8 35. Qc8+ Kg7 36. Qxc4 Bc5 37. Qc3+ Kg6 38. Rd6+ Kh7 39. Qxe3 Bxe3 40. g3 Rc7 41. c4 a4 42. Nc3 axb3 43. axb3 Rb7 44. Nb5 Rb8 45. Re6 Bc5 46. Re5 Bb4 47. Rxf5 Ra8 48. Rd5 Ra2 49. h4 Rb2 50. Rd3 Bc5 51. Rf3 Kg6 52. g4 Rh2 53. h5+ Kf6 54. Nc3 Bd4 55. Nd5+ Ke6 56. f5+ Kf7 57. Rf4 Ba7 58. Re4 Rf2+ 59. Ke1 Ra2 60. h6 Bf2+ 61. Kf1 Bh4 62. Re3 Rf2+ 63. Kg1 Rb2 64. Rh3 Rb1+ 65. Kg2 Rb2+ 66. Kf1 Bf2 67. Rh2 1-0

[Event "SVK-chT2D 1314"]
[Site "Slovakia"]
[Date "2014.02.01"]
[Round "7.4"]
[White "Dzurenda, Stefan"]
[Black "Korytko, Peter"]
[Result "1/2-1/2"]
[WhiteElo "2110"]
[BlackElo "2051"]
[PlyCount "53"]
[EventDate "2013.10.19"]
[EventType "team-tourn"]
[EventRounds "11"]
[EventCountry "SVK"]
[SourceTitle "EXT 2015"]
[Source "ChessBase"]
[SourceDate "2014.11.20"]
[SourceVersion "1"]
[SourceVersionDate "2014.11.20"]
[SourceQuality "1"]
[WhiteTeam "Spisska Nova Ves"]
[BlackTeam "Margecany"]
[WhiteTeamCountry "SVK"]
[BlackTeamCountry "SVK"]

1. d4 Nf6 2. Nf3 d5 3. c4 e6 4. Nc3 c6 5. e3 Nbd7 6. Bd3 Bd6 7. Qe2 0-0 8. 0-0 dxc4 9. Bxc4 e5 10. Rd1 e4 11. Ng5 Nb6 12. Ngxe4 Nxe4 13. Nxe4 Nxc4 14. Qxc4 Bxh2+ 15. Kxh2 Qh4+ 16. Kg1 Qxe4 17. f3 Qh4 18. Qe2 Re8 19. Qf2 Qh5 20. Bd2 Re6 21. e4 Rg6 22. Bf4 Rf6 23. Qe3 Rg6 24. Rd2 f5 25. exf5 Bxf5 26. g4 Qh4 27. Rg2 1/2-1/2

[Event "SVK-chT1E 1213"]
[Site "Slovakia"]
[Date "2013.03.23"]
[Round "10.3"]
[White "Korytko, Peter"]
[Black "Istona, Martin"]
[Result "1/2-1/2"]
[WhiteElo "2025"]
[BlackElo "2071"]
[PlyCount "30"]
[EventDate "2012.10.20"]
[EventType "team-tourn"]
[EventRounds "11"]
[EventCountry "SVK"]
[SourceTitle "EXT 2015"]
[Source "ChessBase"]
[SourceDate "2014.11.20"]
[SourceVersion "1"]
[SourceVersionDate "2014.11.20"]
[SourceQuality "1"]
[WhiteTeam "Svit"]
[BlackTeam "Sabinov"]
[WhiteTeamCountry "SVK"]
[BlackTeamCountry "SVK"]

1. e4 e6 2. f4 d5 3. e5 c5 4. Nf3 Nc6 5. g3 Nh6 6. Bh3 f6 7. exf6 Qxf6 8. d3 Bd6 9. g4 Bxf4 10. g5 Qf7 11. Bxf4 Qxf4 12. gxh6 Qe3+ 13. Qe2 Qc1+ 14. Qd1 Qe3+ 15. Qe2 Qc1+ 1/2-1/2

[Event "SVK-chT1E 1213"]
[Site "Slovakia"]
[Date "2013.02.23"]
[Round "8.2"]
[White "Kralik, Matej"]
[Black "Korytko, Peter"]
[Result "0-1"]
[WhiteElo "1755"]
[BlackElo "2025"]
[PlyCount "50"]
[EventDate "2012.10.20"]
[EventType "team-tourn"]
[EventRounds "11"]
[EventCountry "SVK"]
[SourceTitle "EXT 2015"]
[Source "ChessBase"]
[SourceDate "2014.11.20"]
[SourceVersion "1"]
[SourceVersionDate "2014.11.20"]
[SourceQuality "1"]
[WhiteTeam "Kysucke Nove Mesto"]
[BlackTeam "Svit"]
[WhiteTeamCountry "SVK"]
[BlackTeamCountry "SVK"]

1. e4 e5 2. Nf3 Nc6 3. Bc4 Bc5 4. 0-0 d6 5. d3 Bg4 6. h3 Bh5 7. Nc3 Nf6 8. Bg5 h6 9. Bh4 g5 10. Bg3 Nd4 11. Nb5 Nxf3+ 12. gxf3 Rg8 13. Kh2 c6 14. Nc3 Nd7 15. Na4 Bb4 16. Nc3 Qf6 17. Kg2 Nf8 18. a3 Bc5 19. Na4 Ng6 20. Nxc5 dxc5 21. Rg1 Nh4+ 22. Bxh4 gxh4+ 23. Kf1 Rxg1+ 24. Kxg1 Bxf3 25. Qf1 0-0-0 0-1

[Event "SVK-chT2D 1213"]
[Site "Slovakia"]
[Date "2012.12.02"]
[Round "4.2"]
[White "Mazur, Stefan"]
[Black "Korytko, Peter"]
[Result "1-0"]
[WhiteElo "2388"]
[BlackElo "2025"]
[PlyCount "101"]
[EventDate "2012.10.13"]
[EventType "team-tourn"]
[EventRounds "11"]
[EventCountry "SVK"]
[SourceTitle "EXT 2015"]
[Source "ChessBase"]
[SourceDate "2014.11.20"]
[SourceVersion "1"]
[SourceVersionDate "2014.11.20"]
[SourceQuality "1"]
[WhiteTeam "Humenne"]
[BlackTeam "Margecany"]
[WhiteTeamCountry "SVK"]
[BlackTeamCountry "SVK"]

1. e4 e5 2. Nf3 Nc6 3. Bb5 a6 4. Ba4 d6 5. 0-0 Nf6 6. Re1 b5 7. Bb3 Bg4 8. c3 Be7 9. h3 Bxf3 10. Qxf3 Na5 11. Bc2 c5 12. d3 Qd7 13. Nd2 Rc8 14. Nf1 h5 15. Ng3 g6 16. Nf1 Nc6 17. Ne3 Nd4 18. cxd4 cxd4 19. Nd5 Nxd5 20. Bb3 Nf6 21. Bg5 Qd8 22. Rac1 Rc5 23. Bxf6 Bxf6 24. Bd5 0-0 25. b4 Rxc1 26. Rxc1 Be7 27. Rc6 a5 28. a3 axb4 29. axb4 Kg7 30. Ra6 Qc7 31. g3 Bf6 32. Rc6 Qd7 33. Rb6 Rc8 34. Kg2 Rc7 35. Qd1 Bd8 36. Qf3 Bf6 37. Qe2 Bd8 38. Rb8 Rc8 39. Rxc8 Qxc8 40. Qa2 Qc7 41. Qa6 h4 42. g4 Bg5 43. Qxb5 Bd2 44. Qa4 Be1 45. b5 Ba5 46. Qa2 Bb6 47. Qa8 Bc5 48. Qe8 Bb6 49. g5 Ba5 50. Kf3 Bd2 51. b6 1-0

[Event "SVK-chT1E 0910"]
[Site "Slovakia"]
[Date "2009.11.14"]
[Round "3.4"]
[White "Korytko, Peter"]
[Black "Ilkovic, Frantisek"]
[Result "1/2-1/2"]
[WhiteElo "2058"]
[BlackElo "2009"]
[PlyCount "83"]
[EventDate "2009.10.17"]
[EventType "team"]
[EventRounds "11"]
[EventCountry "SVK"]
[SourceTitle "EXT 2011"]
[Source "ChessBase"]
[SourceDate "2010.11.26"]
[SourceVersion "1"]
[SourceVersionDate "2010.11.26"]
[SourceQuality "1"]
[WhiteTeam "Svit"]
[BlackTeam "Filakovo"]
[WhiteTeamCountry "SVK"]
[BlackTeamCountry "SVK"]

1. e4 e5 2. Nc3 Bc5 3. Bc4 Nf6 4. d3 c6 5. Bg5 0-0 6. Nf3 d6 7. 0-0 Bg4 8. h3 Bh5 9. Bb3 b5 10. g4 Bg6 11. Nh4 Kh8 12. Qf3 Nbd7 13. a4 a6 14. axb5 axb5 15. Ne2 Rxa1 16. Rxa1 h6 17. Be3 Nh7 18. Nf5 Bxf5 19. exf5 d5 20. c3 Bxe3 21. Qxe3 Qh4 22. Qg3 Qg5 23. Qe3 Qf6 24. Ra7 Qd6 25. Bc2 Ndf6 26. Qb6 Ng5 27. Kg2 d4 28. Ng1 Nd5 29. Qb7 Nf4+ 30. Kg3 e4 31. Qe7 Ne2+ 32. Kg2 Qxe7 33. Rxe7 exd3 34. Bxd3 Nxg1 35. Kxg1 Nxh3+ 36. Kf1 dxc3 37. bxc3 Rd8 38. Be4 Nf4 39. f3 Nd5 40. Rxf7 c5 41. Bxd5 Rxd5 42. Rb7 1/2-1/2

[Event "SVK-chT1E 0809"]
[Site "Slovakia"]
[Date "2009.02.08"]
[Round "9.3"]
[White "Klein, Peter"]
[Black "Korytko, Peter"]
[Result "1/2-1/2"]
[WhiteElo "2064"]
[BlackElo "2067"]
[PlyCount "24"]
[EventDate "2008.10.18"]
[EventType "team-tourn"]
[EventRounds "11"]
[EventCountry "SVK"]
[SourceTitle "EXT 2010"]
[Source "ChessBase"]
[SourceDate "2010.11.25"]
[SourceVersion "1"]
[SourceVersionDate "2010.11.25"]
[SourceQuality "1"]
[WhiteTeam "Filakovo"]
[BlackTeam "Svit SO"]
[WhiteTeamCountry "SVK"]
[BlackTeamCountry "SVK"]

1. e4 e5 2. Nf3 Nc6 3. d4 exd4 4. Bc4 d6 5. Nxd4 Nxd4 6. Qxd4 Qf6 7. Be3 Qxd4 8. Bxd4 Be6 9. Bb5+ Bd7 10. Nc3 Ne7 11. 0-0-0 Nc6 12. Be3 a6 1/2-1/2

[Event "SVK-chT1E 0809"]
[Site "Slovakia"]
[Date "2008.11.23"]
[Round "4.3"]
[White "Korytko, Peter"]
[Black "Hlavac, Peter"]
[Result "0-1"]
[WhiteElo "2067"]
[BlackElo "2059"]
[PlyCount "52"]
[EventDate "2008.10.18"]
[EventType "team-tourn"]
[EventRounds "11"]
[EventCountry "SVK"]
[SourceTitle "EXT 2010"]
[Source "ChessBase"]
[SourceDate "2010.11.25"]
[SourceVersion "1"]
[SourceVersionDate "2010.11.25"]
[SourceQuality "1"]
[WhiteTeam "Svit SO"]
[BlackTeam "Rajecke Teplice"]
[WhiteTeamCountry "SVK"]
[BlackTeamCountry "SVK"]

1. e4 e6 2. d4 d5 3. Nd2 Nf6 4. Bd3 c5 5. e5 Nfd7 6. c3 Nc6 7. Ne2 Qb6 8. Nf3 cxd4 9. cxd4 Bb4+ 10. Bd2 Bxd2+ 11. Qxd2 Qb4 12. 0-0 Qxd2 13. Nxd2 Nb4 14. Bb5 a6 15. Ba4 b5 16. Bd1 Bb7 17. a3 Nc6 18. Rc1 Ke7 19. Nb3 Rac8 20. Nc3 a5 21. Nxb5 a4 22. Nd2 Ba6 23. Nd6 Bxf1 24. Nxc8+ Rxc8 25. Bxa4 Bc4 26. b3 Nxd4 0-1

[Event "SVK-chT1E 0809"]
[Site "Slovakia"]
[Date "2008.11.22"]
[Round "3.3"]
[White "Kopera, Michal"]
[Black "Korytko, Peter"]
[Result "1/2-1/2"]
[WhiteElo "2141"]
[BlackElo "2067"]
[PlyCount "75"]
[EventDate "2008.10.18"]
[EventType "team-tourn"]
[EventRounds "11"]
[EventCountry "SVK"]
[SourceTitle "EXT 2010"]
[Source "ChessBase"]
[SourceDate "2010.11.25"]
[SourceVersion "1"]
[SourceVersionDate "2010.11.25"]
[SourceQuality "1"]
[WhiteTeam "Zilina Mladost"]
[BlackTeam "Svit SO"]
[WhiteTeamCountry "SVK"]
[BlackTeamCountry "SVK"]

1. e4 e5 2. Nf3 Nc6 3. Bb5 a6 4. Ba4 d6 5. c3 Nf6 6. d3 Bg4 7. h3 Bh5 8. 0-0 Be7 9. Re1 0-0 10. Nbd2 Nd7 11. Nf1 Nc5 12. Bc2 Ne6 13. Ng3 Bxf3 14. Qxf3 Bg5 15. Bxg5 Qxg5 16. Rad1 Ncd4 17. cxd4 Nxd4 18. Qh5 Qxh5 19. Nxh5 Nxc2 20. Rf1 Nd4 21. Rd2 f5 22. Ng3 f4 23. Ne2 Ne6 24. f3 c5 25. Nc3 Rac8 26. Nd5 Kf7 27. Kf2 Nd4 28. Rc1 b5 29. Ke1 a5 30. Rf2 a4 31. Kd1 Nc6 32. Rfc2 Ra8 33. Rf2 Ra7 34. Re2 Rb8 35. Rf2 Nd4 36. Ra1 Rc8 37. Rc1 Rb8 38. Ra1 1/2-1/2